| 000 | 00538nam a22002057a 4500 | ||
|---|---|---|---|
| 005 | 20180410151252.0 | ||
| 008 | 180410b xxu||||| |||| 00| 0 eng d | ||
| 020 |
_a9788189922375 _cRs.495.00 |
||
| 040 | _aLoreto College | ||
| 041 | _aEnglish | ||
| 082 |
_a323 _bSHA |
||
| 100 | _aSharma,Lalita | ||
| 245 |
_aInternational human rights _cLalita Sharma |
||
| 260 |
_aNew Delhi _bVenus Books _c2014 |
||
| 300 |
_avi,285p _b22cm |
||
| 504 | _aIncludes index | ||
| 650 | _aHuman rights | ||
| 850 |
_aLCLIB _bHumanRightsCOC |
||
| 942 | _cBK | ||
| 999 |
_c41479 _d91958 |
||